000 00372 a2200145 4500
999 _c4908
_d4908
020 _a9780007432325
050 _aPS3566 PAT 1993
100 _aPatterson, James
_eauthor
245 _aAlong came a spider /
_cJames Patterson
264 _aLondon :
_bHarper,
_c1993
300 _a471 pg . :
500 _aa novel
650 _aKidnapping
942 _2lcc
_cBK
_h3566
_iPAT
_kPS